| 000 | 00445nam a22001457a 4500 | ||
|---|---|---|---|
| 005 | 20160203144624.0 | ||
| 008 | 160203b xxu||||| |||| 00| 0 eng d | ||
| 050 | _aSPC SK251.D | ||
| 100 |
_aDunbar-Brunton, James _921980 |
||
| 245 |
_aBig game hunting in Central Africa _cby Dunbar-Brunton, James |
||
| 260 |
_aLondon _bAndrew Melrose _c1912 |
||
| 300 |
_axii, 338p.; _c23cm. |
||
| 650 |
_aHunting _zAfrica, Central _921981 |
||
| 942 |
_2lcc _cSPC |
||
| 999 |
_c124095 _d124095 |
||